All Time Starting 5 NBA teams - Statistics

General Stats
  • This quiz has been taken 111 times
  • The average score is 93 of 155
Answer Stats
player % Correct
Michael Jordan
97%
Shaquille O'Neal
94%
James Harden
91%
LeBron James
91%
Scottie Pippen
91%
Dennis Rodman
88%
Kareem Abdul-Jabbar
88%
Kevin Durant
87%
David West
86%
Giannis Antetokounmpo
86%
Jerry West
86%
Kyrie Irving
86%
Hakeem Olajuwon
85%
Julius Erving
85%
Dirk Nowitzki
84%
Allen Iverson
83%
Dell Curry
83%
Kawhi Leonard
83%
Stephen Curry
83%
bill russell
82%
Kobe Bryant
82%
Larry Bird
82%
Magic Johnson
82%
Tim Duncan
82%
wilt chamberlain
82%
Wilt Chamberlain
82%
Karl Malone
81%
Moses Malone
81%
Russell Westbrook
81%
Damian Lillard
80%
Dwyane Wade
80%
Chris Paul
78%
Steve Nash
78%
Derrick Rose
77%
Kevin Garnett
77%
ray allen
77%
Klay Thompson
76%
Tracy McGrady
76%
David Thompson
74%
Isiah Thomas
74%
oscar robertson
74%
Oscar Robertson
74%
Dwight Howard
73%
John Stockton
73%
John Wall
73%
Tony Allen
73%
Tony Parker
73%
Anfernee Hardaway
72%
Blake Griffin
72%
Gary Payton
72%
Paul George
72%
Paul Pierce
72%
Tim Hardaway
72%
Jason Kidd
71%
Reggie Miller
71%
Anthony Davis
70%
Carmelo Anthony
70%
David Robinson
70%
Draymond Green
70%
Kevin Love
70%
Walter Davis
70%
Charles Barkley
69%
Chris Bosh
68%
Gus Johnson
68%
Kevin Johnson
68%
Larry Johnson
68%
Manu Ginobili
68%
Ben Wallace
67%
Dominique Wilkins
67%
Marc Gasol
67%
Patrick Ewing
67%
Bob Cousy
66%
Clyde Drexler
66%
Vince Carter
66%
Kyle Lowry
65%
DeMar DeRozan
62%
Shawn Kemp
62%
Bill Walton
61%
Mike Conley
61%
Alonzo Mourning
60%
Dikembe Mutombo
59%
Kemba Walker
59%
John Havlicek
57%
Alex English
56%
George Gervin
56%
Bob Pettit
54%
Amar'e Stoudemire
53%
Artis Gilmore
52%
Brook Lopez
52%
Walt Frazier
52%
Bob McAdoo
51%
Buck Williams
51%
Gus Williams
51%
Mark Price
51%
Wes Unseld
50%
Chris Webber
49%
Elvin Hayes
49%
Grant Hill
49%
LaMarcus Aldridge
49%
Willis Reed
49%
Karl-Anthony Towns
48%
Serge Ibaka
48%
Joe Dumars
46%
Zach Randolph
45%
Pete Maravich
43%
Rudy Gobert
41%
sidney moncrief
40%
Maurice cheeks
36%
Glen Rice
34%
Jason Terry
34%
Peja Stojakovic
34%
Fat Lever
32%
Brandon Roy
30%
Jack Sikma
30%
Jrue Holiday
30%
Al Horford
28%
Bob Lanier
28%
Brad Daugherty
27%
Earl Monroe
27%
Adrian Dantley
26%
Jerry Lucas
23%
Mark Aguirre
23%
Rolando Blackman
23%
Sam Cassell
23%
Larry Nance
22%
lou hudson
22%
Detlef Schrempf
21%
Ricky Rubio
21%
Roger Brown
21%
Elton Brand
16%
Calvin Murphy
15%
Nick Anderson
15%
Derek Harper
14%
Shareef Abdur-Rahim
13%
Tiny Archibald
13%
cliff hagan
12%
Jamal Mashburn
12%
Mel Daniels
12%
George McGinnis
11%
Rudy Tomjanovich
10%
Freddie Lewis
6%
No matching quizzes found
Score Distribution
Percent of People with Each Score
Percentile by Number Answered
Your Score History
You have not taken this quiz